An Approach for Extractive Text Summarization From Images. (Record no. 220770)

MARC details
000 -LEADER
fixed length control field 00460nam a22001457a 4500
003 - CONTROL NUMBER IDENTIFIER
control field OSt
005 - DATE AND TIME OF LATEST TRANSACTION
control field 20211125092908.0
008 - FIXED-LENGTH DATA ELEMENTS--GENERAL INFORMATION
fixed length control field 211125b ||||| |||| 00| 0 eng d
040 ## - CATALOGING SOURCE
Transcribing agency AIMIT LIBRARY
100 ## - MAIN ENTRY--PERSONAL NAME
Personal name Tabassum, Shaba; Crasta, Laveena C.
Dates associated with a name 1912022
9 (RLIN) 10839
245 ## - TITLE STATEMENT
Title An Approach for Extractive Text Summarization From Images.
260 ## - PUBLICATION, DISTRIBUTION, ETC.
Place of publication, distribution, etc. Tata Consultancy Services, Bangalore.
Name of publisher, distributor, etc. Laveena C Crasta
Date of publication, distribution, etc. 2021
856 ## - ELECTRONIC LOCATION AND ACCESS
Uniform Resource Identifier <a href="www.tcs.com">www.tcs.com</a>
942 ## - ADDED ENTRY ELEMENTS (KOHA)
Source of classification or shelving scheme Dewey Decimal Classification
Koha item type Project Report
Holdings
Withdrawn status Lost status Source of classification or shelving scheme Damaged status Not for loan Collection code Home library Current library Date acquired Source of acquisition Total Checkouts Barcode Date last seen Copy number Price effective from Koha item type
    Dewey Decimal Classification   Not for loan MSc Big Data Analytics St Aloysius Institute of Management & Information Technology St Aloysius Institute of Management & Information Technology 11/25/2021 MSc Big Data Analytics   PBD00022 11/25/2021 192022 11/25/2021 Project Report